Normal view
MARC view
Entry Personal Name
001 - CONTROL NUMBER
- control field: 411383
003 - CONTROL NUMBER IDENTIFIER
- control field: OSt
005 - DATE AND TIME OF LATEST TRANSACTION
- control field: 20220928104627.0
008 - FIXED-LENGTH DATA ELEMENTS
- fixed length control field: 220928|| aca||aabn | a|a d
040 ## - CATALOGING SOURCE
- Original cataloging agency: OSt
- Transcribing agency: OSt
100 ## - HEADING--PERSONAL NAME
- Personal name: Takur Mahender Singh
670 ## - SOURCE DATA FOUND
- Source citation: Work cat.: (OSt)727056: Takur Mahender Singh, Patrakarita ki utkrishthta., 2008
